Tile Select - Chemistry - Statistics

General Stats
  • This quiz has been taken 41 times
  • The average score is 32 of 45
Answer Stats
Question Tile Select % Correct
Noble Gases Chlorine No
100%
Noble Gases Neon Yes
100%
Noble Gases Argon Yes
94%
Noble Gases Hydrogen No
94%
Noble Gases Nitrogen No
94%
Noble Gases Xenon Yes
94%
Noble Gases Helium Yes
91%
Noble Gases Oxygen No
91%
Noble Gases Fluorine No
88%
Acids Lemon Yes
88%
Chemists Stephen Hawking No
88%
Acids Toothpaste No
88%
Properties of metals Low density No
85%
Properties of metals Malleable Yes
85%
Acids Vinegar Yes
85%
Chemists Alan Turing No
82%
Properties of metals Conduct heat Yes
82%
Properties of metals Poor electric conductor No
82%
Acids Soap No
82%
Chemists António de Abreu No
79%
Acids Ammonia No
76%
Properties of metals Dull No
76%
Chemists Marie Curie Yes
76%
Acids Baking Soda No
73%
Organic functional groups Actinide No
67%
Properties of metals Brittle No
67%
Chemists Dmitri Mendeleev Yes
67%
Acids Sea Water No
67%
Properties of metals Ductile Yes
64%
Properties of metals Lustrous Yes
64%
Organic functional groups Alkane Yes
61%
Organic functional groups Sugar No
61%
Organic functional groups Alcohol Yes
58%
Properties of metals High Electronegativity No
58%
Organic functional groups Aldehyde Yes
55%
Organic functional groups Amine Yes
55%
Organic functional groups Ester Yes
55%
Chemists Antoine Lavoisier Yes
52%
Organic functional groups Glycerol No
52%
Chemists Louis Pasteur Yes
48%
Organic functional groups Carboxylic Acid Yes
45%
Chemists Fritz Haber Yes
45%
Chemists Svante Arrhenius Yes
45%
Acids Limewater No
42%
Acids Beer Yes
27%
No matching quizzes found
Score Distribution
Percent of People with Each Score
Percentile by Number Answered
Your Score History
You have not taken this quiz